Output : National bureau of economic research

में बचाया:
ग्रंथसूची विवरण
मुख्य लेखक: Makin, Johon H.
स्वरूप: पुस्तक
भाषा:Undetermined
प्रकाशित: U.S.A. National Bureau of Economic Research 1993
विषय:
टैग : टैग जोड़ें
कोई टैग नहीं, इस रिकॉर्ड को टैग करने वाले पहले व्यक्ति बनें!
Thư viện lưu trữ: Trung tâm Học liệu Trường Đại học Cần Thơ
LEADER 00519nam a2200193Ia 4500
001 CTU_78845
008 210402s9999 xx 000 0 und d
082 |a 338.9 
082 |b M235 
100 |a Makin, Johon H. 
245 0 |a Output : 
245 0 |b National bureau of economic research 
245 0 |c Johon H. Makin 
260 |a U.S.A. 
260 |b National Bureau of Economic Research 
260 |c 1993 
650 |a Economic policy 
650 |z Japan 
980 |a Trung tâm Học liệu Trường Đại học Cần Thơ